Statistics for Countries that end with the letter "I"

Click here to take the quiz!

General Stats

  • This quiz has been taken 1,019 times
  • The average score is 6 of 8

Answer Stats

Country% Correct
Fiji
81%
Mali
77%
Kiribati
75%
Haiti
74%
Djibouti
72%
Burundi
70%
Malawi
70%
Brunei
61%

Score Distribution

Percentile by Number Answered

Percent of People with Each Score

Your Score History

You have not taken this quiz